| 000 | 00495nam a22001697a 4500 | ||
|---|---|---|---|
| 005 | 20241203160210.0 | ||
| 008 | 241203b |||||||| |||| 00| 0 eng d | ||
| 020 | _a9789353944933 | ||
| 041 | _aEng | ||
| 082 | _a001.4226 CON | ||
| 100 | _aO'Connor, Errin | ||
| 245 | _aMicrosoft Power BI Dashboards - Step by Step | ||
| 260 |
_aNoida _bMicrosoft _c2020 |
||
| 300 | _a286;. P. | ||
| 650 | _aMicrosoft Power BI ; Microsoft Excel; Business intelligence; Information visualization | ||
| 942 | _cBK | ||
| 999 |
_c43163 _d43163 |
||